<?xml version="1.0" encoding="UTF-8"?>
<collection xmlns="http://www.loc.gov/MARC21/slim">
 <record>
  <leader>01750nam a22002417a 4500</leader>
  <controlfield tag="001">NCT_54152</controlfield>
  <controlfield tag="008">181024b        xxu||||| |||| 00| 0 vie d</controlfield>
  <datafield tag="999" ind1=" " ind2=" ">
   <subfield code="c">2597</subfield>
   <subfield code="d">2597</subfield>
  </datafield>
  <datafield tag="020" ind1=" " ind2=" ">
   <subfield code="a">9786045996928</subfield>
   <subfield code="c">86000</subfield>
  </datafield>
  <datafield tag="082" ind1="0" ind2="4">
   <subfield code="2">23rd ed.</subfield>
   <subfield code="a">813.6</subfield>
   <subfield code="b">S531</subfield>
  </datafield>
  <datafield tag="100" ind1="1" ind2=" ">
   <subfield code="a">Sharma, Robin</subfield>
  </datafield>
  <datafield tag="245" ind1="1" ind2="0">
   <subfield code="a">3 người thầy vĩ đại:</subfield>
   <subfield code="b">Câu chuyện đặc biệt về cách sống theo những gì mình mong muốn</subfield>
   <subfield code="c">Robin Sharma ; Nguyễn Xuân Hồng (dịch)</subfield>
  </datafield>
  <datafield tag="260" ind1=" " ind2=" ">
   <subfield code="a">H.</subfield>
   <subfield code="b">Lao động </subfield>
   <subfield code="c">2018</subfield>
  </datafield>
  <datafield tag="300" ind1=" " ind2=" ">
   <subfield code="a">330 tr.</subfield>
   <subfield code="c">21cm</subfield>
  </datafield>
  <datafield tag="520" ind1="3" ind2=" ">
   <subfield code="a">Cuốn sách là câu chuyện về một người đàn ông có tên Jack Valentine mà đường đời có nhiều điểm giống với tôi. Có cảm nhận rất không đầy đủ với tư cách một con người, anh ấy lên kế hoạch tìm kiếm tri thức để sống một cuộc sống hạnh phúc hơn, khoẻ khoắn hơn và đẹp hơn.&quot;</subfield>
  </datafield>
  <datafield tag="653" ind1=" " ind2=" ">
   <subfield code="a">Tham khảo</subfield>
  </datafield>
  <datafield tag="700" ind1="1" ind2=" ">
   <subfield code="a">Nguyễn Xuân Hồng</subfield>
  </datafield>
  <datafield tag="942" ind1=" " ind2=" ">
   <subfield code="2">ddc</subfield>
   <subfield code="c">BK</subfield>
  </datafield>
  <datafield tag="952" ind1=" " ind2=" ">
   <subfield code="0">0</subfield>
   <subfield code="1">0</subfield>
   <subfield code="2">ddc</subfield>
   <subfield code="4">0</subfield>
   <subfield code="6">813_600000000000000_S531</subfield>
   <subfield code="7">0</subfield>
   <subfield code="9">14737</subfield>
   <subfield code="a">000001</subfield>
   <subfield code="b">000001</subfield>
   <subfield code="d">2018-10-24</subfield>
   <subfield code="o">813.6 S531</subfield>
   <subfield code="p">TK.01152</subfield>
   <subfield code="r">2018-10-24</subfield>
   <subfield code="v">86000.00</subfield>
   <subfield code="w">2018-10-24</subfield>
   <subfield code="y">BK</subfield>
  </datafield>
  <datafield tag="952" ind1=" " ind2=" ">
   <subfield code="0">0</subfield>
   <subfield code="1">0</subfield>
   <subfield code="2">ddc</subfield>
   <subfield code="4">0</subfield>
   <subfield code="6">813_600000000000000_S531</subfield>
   <subfield code="7">0</subfield>
   <subfield code="9">14738</subfield>
   <subfield code="a">000001</subfield>
   <subfield code="b">000001</subfield>
   <subfield code="d">2018-10-24</subfield>
   <subfield code="o">813.6 S531</subfield>
   <subfield code="p">TK.01153</subfield>
   <subfield code="r">2018-10-24</subfield>
   <subfield code="v">86000.00</subfield>
   <subfield code="w">2018-10-24</subfield>
   <subfield code="y">BK</subfield>
  </datafield>
  <datafield tag="952" ind1=" " ind2=" ">
   <subfield code="0">0</subfield>
   <subfield code="1">0</subfield>
   <subfield code="2">ddc</subfield>
   <subfield code="4">0</subfield>
   <subfield code="6">813_600000000000000_S531</subfield>
   <subfield code="7">0</subfield>
   <subfield code="9">14876</subfield>
   <subfield code="a">000001</subfield>
   <subfield code="b">000001</subfield>
   <subfield code="d">2018-11-14</subfield>
   <subfield code="o">813.6 S531</subfield>
   <subfield code="p">TK.01205</subfield>
   <subfield code="r">2018-11-14</subfield>
   <subfield code="v">86000.00</subfield>
   <subfield code="w">2018-11-14</subfield>
   <subfield code="y">BK</subfield>
  </datafield>
  <datafield tag="952" ind1=" " ind2=" ">
   <subfield code="0">0</subfield>
   <subfield code="1">0</subfield>
   <subfield code="2">ddc</subfield>
   <subfield code="4">0</subfield>
   <subfield code="6">813_600000000000000_S531</subfield>
   <subfield code="7">0</subfield>
   <subfield code="9">14877</subfield>
   <subfield code="a">000001</subfield>
   <subfield code="b">000001</subfield>
   <subfield code="d">2018-11-14</subfield>
   <subfield code="o">813.6 S531</subfield>
   <subfield code="p">TK.01204</subfield>
   <subfield code="r">2018-11-14</subfield>
   <subfield code="v">86000.00</subfield>
   <subfield code="w">2018-11-14</subfield>
   <subfield code="y">BK</subfield>
  </datafield>
  <datafield tag="980" ind1=" " ind2=" ">
   <subfield code="a">Thư viện Trường Đại học Nam Cần Thơ</subfield>
  </datafield>
 </record>
</collection>
